logo

Bir Sreshtho Munshi Abdur Rouf Library
Jhenaidah Cadet College

Atlas of Bangladesh Liberation war 1971 : (Record no. 10535)

MARC details
000 -LEADER
fixed length control field 00668nam a2200205 a 4500
001 - CONTROL NUMBER
JCCL Control Number 10535
003 - CONTROL NUMBER IDENTIFIER
JCCL marc code BD-JhCC
005 - DATE AND TIME OF LATEST TRANSACTION
control field 20180503102630.0
008 - FIXED-LENGTH DATA ELEMENTS--GENERAL INFORMATION
fixed length control field 180503s2015 bg ||| |||| 000 0 eng d
035 ## - SYSTEM CONTROL NUMBER
system control number (BD-JhCC)10535
040 ## - CATALOGING SOURCE
Original cataloging agency BD-JhCC
Modifying agency BD-JhCC
041 ## - LANGUAGE CODE
Language code of Book eng
082 ## - DEWEY DECIMAL CLASSIFICATION NUMBER
Classification number 909.95492
Author mark and Year ATL 2015
245 ## - TITLE STATEMENT
Title Atlas of Bangladesh Liberation war 1971 :
Remainder of title Battlefields & martyrs graveyards, a research work by Bangladesh Army /
Statement of responsibility, etc Bangladesh Army
260 ## - PUBLICATION, DISTRIBUTION, ETC. (IMPRINT)
Place of publication, distribution, etc Dhaka :
Name of publisher, distributor, etc Army Headquarters, Bangladesh
Date of publication, distribution, etc 2015.
300 ## - PHYSICAL DESCRIPTION
Pagination 165 p. :
Other physical details illus. :
Dimensions 39 cm.
650 ## - SUBJECT ADDED ENTRY--TOPICAL TERM
Topical term or geographic name as entry element Liberation Atlas
General subdivision History
Chronological subdivision 1971
Geographic subdivision Bangladesh
710 ## - ADDED ENTRY--CORPORATE NAME
Corporate name or jurisdiction name as entry element Bangladesh Army
942 ## - ADDED ENTRY ELEMENTS (KOHA)
Source of classification or shelving scheme Dewey Decimal Classification
Koha item type Reference
Holdings
Source of classification or shelving scheme Damaged status Not for loan Home library Current library Shelving location Date of accession Total Checkouts Full call number Barcode Date last seen Copy number Koha item type
Dewey Decimal Classification     JCC Rouf Library JCC Rouf Library General Stacks 05/03/2018   909.95492 ATL 2015 14108 05/03/2018 C-1 Reference
Dewey Decimal Classification     JCC Rouf Library JCC Rouf Library General Stacks 05/03/2018   909.95492 ATL 2015 14107 05/03/2018 C-2 Reference

JCC Library | Contacts | JCC Home

Last Update on 23 September 2017
Copyright @ 2017-2020 JCC Rouf Library
Rouf Library, Jhenidah Cadet College (JCC), Bangladesh